000
00296nmm a2200097Ia 4500
008
220120s9999||||xx |||||||||||||||||und||
082
_a
621.382 KEH
100
_a
Kehtararnavaz, Nasser and Kim, Namjin
_9
6060
245
0
_a
Digital signal processing system level design using Lab VIEW
260
_c
2005
999
_c
139274
_d
139274